[Event "HUN-chT2 Asztalos 1819"]
[Site "Hungary"]
[Date "2019.03.31"]
[Round "8.3"]
[White "Szabo, Richard"]
[Black "Razsits, Geza"]
[Result "1/2-1/2"]
[WhiteElo "2186"]
[BlackElo "1964"]
[PlyCount "22"]
[EventDate "2018.10.28"]
[EventType "team-tourn"]
[EventRounds "9"]
[EventCountry "HUN"]
[SourceTitle "EXT 2021"]
[Source "ChessBase"]
[SourceDate "2020.10.23"]
[SourceVersion "1"]
[SourceVersionDate "2020.10.23"]
[SourceQuality "1"]
[WhiteTeam "Decs 1990"]
[BlackTeam "Marcali"]
[WhiteTeamCountry "HUN"]
[BlackTeamCountry "HUN"]

1. c4 e5 2. Nc3 Nf6 3. Nf3 Nc6 4. e3 Bb4 5. Qc2 0-0 6. a3 Bxc3 7. bxc3 d6 8. d3 Re8 9. e4 Bg4 10. Be2 Qc8 11. Rb1 Rb8 1/2-1/2

[Event "HUN-chT2 Asztalos 1819"]
[Site "Hungary"]
[Date "2019.03.10"]
[Round "7.4"]
[White "Razsits, Geza"]
[Black "Keszi, Janos"]
[Result "0-1"]
[WhiteElo "1964"]
[BlackElo "1998"]
[PlyCount "154"]
[EventDate "2018.10.28"]
[EventType "team-tourn"]
[EventRounds "9"]
[EventCountry "HUN"]
[SourceTitle "CBM 189 Extra"]
[Source "ChessBase"]
[SourceDate "2019.06.03"]
[SourceVersion "1"]
[SourceVersionDate "2019.06.03"]
[SourceQuality "1"]
[WhiteTeam "Marcali"]
[BlackTeam "Sarosd"]
[WhiteTeamCountry "HUN"]
[BlackTeamCountry "HUN"]

1. e4 c5 2. Nf3 d6 3. d4 cxd4 4. Nxd4 Nf6 5. Nd2 a6 6. c3 e6 7. g3 Qc7 8. Bg2 Nc6 9. 0-0 Be7 10. Re1 0-0 11. N2f3 e5 12. Nc2 h6 13. Ne3 b5 14. Nd5 Nxd5 15. exd5 Nb8 16. Nxe5 Bf6 17. Ng4 Qd8 18. Nxf6+ Qxf6 19. a4 Bd7 20. axb5 Bxb5 21. Be3 Nd7 22. Bd4 Qd8 23. b3 Nf6 24. Qf3 Nh7 25. h4 Bd7 26. c4 Re8 27. Qf4 Rxe1+ 28. Rxe1 Qf8 29. b4 g5 30. hxg5 hxg5 31. Qd2 Qh6 32. Re7 Bh3 33. Be4 Nf6 34. Bd3 Bg4 35. Be2 Bf5 36. Bf3 Ng4 37. Bg2 Kf8 38. Rc7 a5 39. b5 a4 40. b6 Re8 41. Ra7 Re1+ 42. Qxe1 Qh2+ 43. Kf1 Bd3+ 44. Qe2 Bxe2+ 45. Kxe2 Qxg2 46. b7 Qe4+ 47. Be3 Qxc4+ 48. Ke1 Qb4+ 49. Ke2 Kg7 50. Bd4+ Qxd4 51. b8Q Qxf2+ 52. Kd3 Ne5+ 53. Kc3 Qc5+ 54. Kb2 Nd3+ 55. Ka1 Qa3+ 56. Kb1 Nb4 57. Qc7 Qa2+ 58. Kc1 Qa1+ 59. Kd2 Qd4+ 60. Ke2 Qxd5 61. Qc3+ Qe5+ 62. Qxe5+ dxe5 63. Rxa4 Nc6 64. Rc4 Nd4+ 65. Ke3 f5 66. g4 fxg4 67. Ke4 Kf6 68. Rc1 Nf3 69. Rc6+ Kf7 70. Rc2 Kg6 71. Rc1 Kh5 72. Rh1+ Nh4 73. Kxe5 g3 74. Ke4 Kg4 75. Ke3 g2 76. Rg1 Kg3 77. Ra1 Nf3 0-1

[Event "HUN-chT2 Asztalos 1819"]
[Site "Hungary"]
[Date "2019.02.24"]
[Round "6.3"]
[White "Razsits, Geza"]
[Black "Horvath, Attila"]
[Result "0-1"]
[WhiteElo "1964"]
[BlackElo "2168"]
[PlyCount "30"]
[EventDate "2018.10.28"]
[EventType "team-tourn"]
[EventRounds "9"]
[EventCountry "HUN"]
[SourceTitle "CBM 189 Extra"]
[Source "ChessBase"]
[SourceDate "2019.06.03"]
[SourceVersion "1"]
[SourceVersionDate "2019.06.03"]
[SourceQuality "1"]
[WhiteTeam "Marcali"]
[BlackTeam "Nagyatad"]
[WhiteTeamCountry "HUN"]
[BlackTeamCountry "HUN"]

1. e4 e5 2. Nf3 Nc6 3. Bc4 Bc5 4. c3 Nf6 5. d4 exd4 6. e5 d5 7. exf6 dxc4 8. Qe2+ Be6 9. fxg7 Rg8 10. Bg5 Qd5 11. Bf6 d3 12. Qd2 Qf5 13. Bg5 Bd5 14. Be3 Bxf3 15. gxf3 Ne5 0-1

[Event "HUN-chT2 Asztalos 1819"]
[Site "Hungary"]
[Date "2019.02.10"]
[Round "5.4"]
[White "Razsits, Geza"]
[Black "Mitric, Milutin"]
[Result "1/2-1/2"]
[WhiteElo "1964"]
[BlackElo "1851"]
[PlyCount "20"]
[EventDate "2018.10.28"]
[EventType "team-tourn"]
[EventRounds "9"]
[EventCountry "HUN"]
[SourceTitle "CBM 189 Extra"]
[Source "ChessBase"]
[SourceDate "2019.06.03"]
[SourceVersion "1"]
[SourceVersionDate "2019.06.03"]
[SourceQuality "1"]
[WhiteTeam "Marcali"]
[BlackTeam "Karmin"]
[WhiteTeamCountry "HUN"]
[BlackTeamCountry "HUN"]

1. e4 d6 2. d4 Nf6 3. Nc3 c6 4. Bg5 Nbd7 5. Nf3 Qa5 6. Qd2 e5 7. dxe5 dxe5 8. g3 Be7 9. Bg2 b5 10. 0-0 b4 1/2-1/2

[Event "HUN-chT2 Asztalos 1617"]
[Site "Hungary"]
[Date "2017.02.12"]
[Round "8.1"]
[White "Horvath, Peter"]
[Black "Razsits, Geza"]
[Result "1-0"]
[WhiteElo "2424"]
[BlackElo "1969"]
[PlyCount "56"]
[EventDate "2016.09.25"]
[EventType "team-tourn"]
[EventRounds "11"]
[EventCountry "HUN"]
[SourceTitle "EXT 2021"]
[Source "ChessBase"]
[SourceDate "2020.10.23"]
[SourceVersion "1"]
[SourceVersionDate "2020.10.23"]
[SourceQuality "1"]
[WhiteTeam "Pecs Karmin"]
[BlackTeam "Marcali"]
[WhiteTeamCountry "HUN"]
[BlackTeamCountry "HUN"]

1. d4 d5 2. c4 c6 3. Nf3 dxc4 4. e3 b5 5. a4 Bb7 6. b3 a5 7. bxc4 b4 8. c5 e6 9. Nbd2 Nd7 10. Bc4 Qf6 11. Ra2 Qg6 12. 0-0 Ngf6 13. Qb3 Nd5 14. Bd3 Qh5 15. Ne4 f5 16. Neg5 Qg6 17. e4 Nc3 18. exf5 exf5 19. Re1+ Be7 20. Bc4 Rf8 21. Rc2 h6 22. Ne6 Qf6 23. Rxc3 bxc3 24. Nxf8 Kxf8 25. Qxb7 Rd8 26. Re6 Qf7 27. Qxc6 Nxc5 28. Rxh6 Qxc4 1-0

[Event "HUN-chT2 Asztalos 1617"]
[Site "Hungary"]
[Date "2016.11.13"]
[Round "4.1"]
[White "Razsits, Geza"]
[Black "Jesenski, Tibor"]
[Result "0-1"]
[WhiteElo "1969"]
[BlackElo "2344"]
[PlyCount "62"]
[EventDate "2016.09.25"]
[EventType "team-tourn"]
[EventRounds "11"]
[EventCountry "HUN"]
[SourceTitle "EXT 2021"]
[Source "ChessBase"]
[SourceDate "2020.10.23"]
[SourceVersion "1"]
[SourceVersionDate "2020.10.23"]
[SourceQuality "1"]
[WhiteTeam "Marcali"]
[BlackTeam "Baja"]
[WhiteTeamCountry "HUN"]
[BlackTeamCountry "HUN"]

1. e4 e5 2. Nf3 Nc6 3. Bc4 Nf6 4. Ng5 d5 5. exd5 Na5 6. Bb5+ c6 7. dxc6 bxc6 8. Be2 h6 9. Nf3 e4 10. Ne5 Bc5 11. c3 Bd6 12. Nc4 Nxc4 13. Bxc4 0-0 14. Be2 Nd5 15. d4 exd3 16. Qxd3 Re8 17. 0-0 Qc7 18. h3 Qe7 19. Bf3 Qe5 20. g3 Bxh3 21. Rd1 Bc5 22. Bxd5 cxd5 23. Bf4 Qh5 24. Nd2 Bf5 25. Qf1 Re2 26. b4 Rxf2 27. Qxf2 Bxf2+ 28. Kxf2 Qh2+ 29. Ke3 Re8+ 30. Kd4 Qf2+ 31. Kxd5 Be6+ 0-1

[Event "HUN-chT2 Asztalos 1617"]
[Site "Hungary"]
[Date "2016.09.25"]
[Round "1.1"]
[White "Vrban, Mladen"]
[Black "Razsits, Geza"]
[Result "1-0"]
[WhiteElo "2297"]
[BlackElo "1969"]
[PlyCount "61"]
[EventDate "2016.09.25"]
[EventType "team-tourn"]
[EventRounds "11"]
[EventCountry "HUN"]
[SourceTitle "EXT 2021"]
[Source "ChessBase"]
[SourceDate "2020.10.23"]
[SourceVersion "1"]
[SourceVersionDate "2020.10.23"]
[SourceQuality "1"]
[WhiteTeam "Nagyatad"]
[BlackTeam "Marcali"]
[WhiteTeamCountry "HUN"]
[BlackTeamCountry "HUN"]

1. d4 d5 2. Bf4 c6 3. e3 Nf6 4. Bd3 Nbd7 5. Nd2 g6 6. Ngf3 Bg7 7. h3 c5 8. c3 b6 9. Ne5 Bb7 10. 0-0 0-0 11. Bh2 e6 12. Qe2 c4 13. Bc2 b5 14. a4 a6 15. Nxd7 Nxd7 16. e4 dxe4 17. Bxe4 Bxe4 18. Nxe4 Nf6 19. Nc5 Nd5 20. Rfe1 Re8 21. Ra2 Qa5 22. Nb7 Qb6 23. Nd6 Red8 24. Ne4 Rac8 25. axb5 axb5 26. Rea1 Rc6 27. Nc5 Nc7 28. Ra7 Qb8 29. Rxc7 Rxc7 30. Na6 Qa7 31. Bxc7 1-0

[Event "HUN-chT2 Asztalos 1516"]
[Site "Hungary"]
[Date "2016.04.17"]
[Round "11.2"]
[White "Kadar, Gabor"]
[Black "Razsits, Geza"]
[Result "0-1"]
[WhiteElo "2076"]
[BlackElo "1940"]
[PlyCount "22"]
[EventDate "2015.09.13"]
[EventType "team-tourn"]
[EventRounds "11"]
[EventCountry "HUN"]
[SourceTitle "EXT 2017"]
[Source "ChessBase"]
[SourceDate "2016.10.25"]
[SourceVersion "1"]
[SourceVersionDate "2016.10.25"]
[SourceQuality "1"]
[WhiteTeam "Komlo Banyasz"]
[BlackTeam "Marcali"]
[WhiteTeamCountry "HUN"]
[BlackTeamCountry "HUN"]

1. e4 e5 2. Nf3 Nc6 3. Bb5 a6 4. Ba4 b5 5. Bb3 Bc5 6. g3 d6 7. d4 Bb6 8. d5 Nce7 9. a4 Bb7 10. axb5 axb5 11. Rxa8 Qxa8 0-1

[Event "HUN-chT2 Asztalos 1516"]
[Site "Hungary"]
[Date "2015.12.06"]
[Round "6.2"]
[White "Razsits, Geza"]
[Black "Mathe, Gaspar"]
[Result "0-1"]
[WhiteElo "1944"]
[BlackElo "2321"]
[PlyCount "54"]
[EventDate "2015.09.13"]
[EventType "team-tourn"]
[EventRounds "11"]
[EventCountry "HUN"]
[SourceTitle "CBM 170 Extra"]
[Source "ChessBase"]
[SourceDate "2016.02.25"]
[SourceVersion "1"]
[SourceVersionDate "2016.02.25"]
[SourceQuality "1"]
[WhiteTeam "Marcali"]
[BlackTeam "Nagyatad"]
[WhiteTeamCountry "HUN"]
[BlackTeamCountry "HUN"]

1. e4 e5 2. Nf3 Nc6 3. Bc4 Bc5 4. c3 Nf6 5. d4 exd4 6. e5 d5 7. Bb5 Ne4 8. cxd4 Bb4+ 9. Bd2 Nxd2 10. Nbxd2 Bd7 11. 0-0 0-0 12. Bd3 Bg4 13. Nb3 f6 14. a3 fxe5 15. dxe5 Nxe5 16. Nbd4 Bxf3 17. Nxf3 Nxf3+ 18. gxf3 Bd6 19. f4 Qh4 20. f3 Rxf4 21. Qc2 Raf8 22. Qg2 Qh5 23. Be2 R8f6 24. Kf2 Rg6 25. Qh1 Rh4 26. f4 Rxh2+ 27. Qxh2 Qxh2+ 0-1

[Event "Balaton op-A 29th"]
[Site "Heviz"]
[Date "2011.10.19"]
[Round "2"]
[White "Arjun, Bharat"]
[Black "Razsits, Geza"]
[Result "1-0"]
[WhiteElo "2156"]
[BlackElo "2019"]
[PlyCount "95"]
[EventDate "2011.10.18"]
[EventType "swiss"]
[EventRounds "9"]
[EventCountry "HUN"]
[SourceTitle "EXT 2012"]
[Source "ChessBase"]
[SourceDate "2011.11.24"]
[SourceVersion "1"]
[SourceVersionDate "2011.11.24"]
[SourceQuality "1"]

1. Nf3 d5 2. d4 c6 3. c4 dxc4 4. e3 b5 5. a4 Qb6 6. axb5 cxb5 7. b3 cxb3 8. Qxb3 b4 9. Qd5 Bb7 10. Bb5+ Bc6 11. Ne5 Qxb5 12. Qxf7+ Kd8 13. Qxf8+ Kc7 14. Qxg7 Nf6 15. Qxh8 Nbd7 16. Qg7 Nxe5 17. dxe5 Qxe5 18. Qg3 Qxg3 19. hxg3 Bxg2 20. Rh4 a5 21. Rxb4 axb4 22. Rxa8 Bxa8 23. Bb2 Kd6 24. Nd2 Kc5 25. Ke2 Bc6 26. f3 Nd5 27. Nb3+ Kb6 28. e4 Bb5+ 29. Kd2 Ba4 30. Nd4 Nc7 31. Nf5 e6 32. Ng7 Kc5 33. Be5 Nb5 34. Nxe6+ Kc4 35. f4 Nc3 36. Bxc3 bxc3+ 37. Kc1 Be8 38. Ng7 Bf7 39. e5 Kd5 40. Kc2 h5 41. Kxc3 Ke4 42. e6 Bxe6 43. Nxe6 Kf3 44. f5 Kxg3 45. f6 h4 46. f7 h3 47. f8Q h2 48. Qf1 1-0

[Event "HUN-chT2 Asztalos 0708"]
[Site "Hungary"]
[Date "2008.04.27"]
[Round "10"]
[White "Razsits, Geza"]
[Black "Akots, Gabor"]
[Result "0-1"]
[WhiteElo "2035"]
[BlackElo "2147"]
[PlyCount "78"]
[EventDate "2007.10.14"]
[EventType "team"]
[EventRounds "11"]
[EventCountry "HUN"]
[SourceTitle "EXT 2009"]
[Source "ChessBase"]
[SourceDate "2008.11.26"]
[SourceVersion "1"]
[SourceVersionDate "2008.11.26"]
[SourceQuality "1"]
[WhiteTeam "Balatonbereny"]
[BlackTeam "Elore MAV"]
[WhiteTeamCountry "HUN"]
[BlackTeamCountry "HUN"]

1. e4 e5 2. Nf3 Nc6 3. Bc4 Bc5 4. c3 Nf6 5. d4 exd4 6. e5 d5 7. Bb5 Ne4 8. Nxd4 0-0 9. Bxc6 bxc6 10. 0-0 f6 11. Nxc6 Qd7 12. Nb4 fxe5 13. Nd3 Bb6 14. Nd2 Ba6 15. Nf3 Nxf2 16. Nxf2 Bxf1 17. Qxf1 Bxf2+ 18. Qxf2 e4 19. Ne5 Qb5 20. Qe1 h5 21. b4 Rf5 22. c4 dxc4 23. Qxe4 Qxe5 24. Qxe5 Rxe5 25. Bb2 Re2 26. Bd4 Rd8 27. Kf1 Rd2 28. Bxa7 c3 29. Be3 Rd1+ 30. Rxd1 Rxd1+ 31. Ke2 c2 32. a4 c1Q 33. Bxc1 Rxc1 34. Kd3 Kf7 35. a5 Ke6 36. Kd4 Kd6 37. b5 Ra1 38. a6 Ra4+ 39. Kc3 Kc5 0-1

[Event "HUN-chT2 Asztalos 0708"]
[Site "Hungary"]
[Date "2007.11.25"]
[Round "3"]
[White "Mihalecz, Attila"]
[Black "Razsits, Geza"]
[Result "1-0"]
[WhiteElo "2096"]
[BlackElo "2035"]
[PlyCount "91"]
[EventDate "2007.10.14"]
[EventType "team"]
[EventRounds "11"]
[EventCountry "HUN"]
[SourceTitle "EXT 2009"]
[Source "ChessBase"]
[SourceDate "2008.11.26"]
[SourceVersion "1"]
[SourceVersionDate "2008.11.26"]
[SourceQuality "1"]
[WhiteTeam "Koppany"]
[BlackTeam "Balatonbereny"]
[WhiteTeamCountry "HUN"]
[BlackTeamCountry "HUN"]

1. e4 e5 2. Nc3 Nc6 3. Bc4 Bc5 4. Qg4 g6 5. Qf3 Qf6 6. Nd5 Qxf3 7. Nxf3 Bb6 8. d3 d6 9. Be3 Bxe3 10. Nxc7+ Kd8 11. Nxa8 Bh6 12. Bxf7 b6 13. c3 Bb7 14. Nxb6 axb6 15. h4 Ke7 16. Bxg8 Rxg8 17. Ng5 Rg7 18. a4 Ba6 19. Ke2 Kf6 20. b4 b5 21. axb5 Bxb5 22. Nf3 Nd8 23. Ra5 Rb7 24. Rha1 Ne6 25. g3 Bd7 26. Ra7 Bc8 27. Rxb7 Bxb7 28. Ra7 Nd8 29. c4 Bf8 30. b5 h6 31. Nd2 g5 32. hxg5+ hxg5 33. Nb3 Ke6 34. Na5 Bc8 35. b6 Be7 36. b7 Bxb7 37. Nxb7 Nc6 38. Ra6 Kd7 39. Na5 Nd8 40. Ra7+ Ke6 41. Rc7 Nf7 42. Nc6 Bf6 43. Nb4 Bd8 44. Rb7 Ba5 45. Nc6 Bd8 46. Rxf7 1-0

[Event "HUN-chT2 Asztalos 0607"]
[Site "Hungary"]
[Date "2006.11.12"]
[Round "1"]
[White "Razsits, Geza"]
[Black "Botos, Ferenc"]
[Result "0-1"]
[WhiteElo "2029"]
[BlackElo "2206"]
[PlyCount "138"]
[EventDate "2006.11.12"]
[EventType "team"]
[EventRounds "11"]
[EventCountry "HUN"]
[SourceTitle "EXT 2008"]
[Source "ChessBase"]
[SourceDate "2007.11.25"]
[SourceVersion "1"]
[SourceVersionDate "2007.11.25"]
[SourceQuality "1"]
[WhiteTeam "Balatonbereny"]
[BlackTeam "Varga Mafry"]
[WhiteTeamCountry "HUN"]
[BlackTeamCountry "HUN"]

1. e4 d5 2. exd5 Qxd5 3. Nf3 Bg4 4. Be2 c6 5. 0-0 Nf6 6. Nc3 Qa5 7. d3 Nbd7 8. a3 e6 9. Bd2 Qc7 10. Qc1 Bd6 11. h3 Bh5 12. b4 h6 13. Nd4 Bxe2 14. Ncxe2 a6 15. Re1 0-0 16. Rb1 Rac8 17. c4 c5 18. Nf3 Rfd8 19. Rb3 b6 20. Nc3 Ne5 21. Nxe5 Bxe5 22. Ne4 Rd7 23. Bc3 Bxc3 24. Rxc3 Nxe4 25. Rxe4 Rcd8 26. Re3 Rd4 27. Rg3 Kh8 28. Qc2 f5 29. Re3 e5 30. f3 Qd6 31. Qb3 f4 32. Re1 Kg8 33. b5 a5 34. Qc2 Kf7 35. Qe2 Kf6 36. a4 Qe6 37. Ra1 Qf5 38. Raa3 g5 39. Rab3 h5 40. Ra3 Rg8 41. Ra2 g4 42. Kh2 gxh3 43. gxh3 Rg3 44. Qf1 Kg5 45. Re2 Kh4 46. Rg2 Rxh3+ 47. Kg1 Rg3 48. Kh1 Kg5 49. Rh2 h4 50. Ra3 h3 51. Rb3 Kh4 52. Qf2 Kg5 53. Qf1 Kf6 54. Ra3 Rd7 55. Qe2 Qg6 56. Qf1 Qh5 57. d4 Rxd4 58. Rc3 e4 59. Rc1 Qxf3+ 60. Qxf3 Rxf3 61. Rhc2 Rfd3 62. Kh2 Ke5 63. Rg1 Rd2+ 64. Rxd2 Rxd2+ 65. Kxh3 e3 66. Rg8 Ke4 67. Rb8 Kf3 68. Rxb6 Rd8 69. Kh2 Re8 0-1

[Event "Nyiregyhaza op"]
[Site "Nyiregyhaza"]
[Date "2005.07.13"]
[Round "5"]
[White "Razsits, Geza"]
[Black "Szilagyi, Sandor"]
[Result "1/2-1/2"]
[WhiteElo "2038"]
[BlackElo "2051"]
[PlyCount "139"]
[EventDate "2005.07.09"]
[EventType "swiss"]
[EventRounds "9"]
[EventCountry "HUN"]
[SourceTitle "EXT 2008"]
[Source "ChessBase"]
[SourceDate "2007.11.25"]
[SourceVersion "1"]
[SourceVersionDate "2007.11.25"]
[SourceQuality "1"]

1. e4 c5 2. Nf3 g6 3. c3 Bg7 4. d4 cxd4 5. Nxd4 Nc6 6. Be3 d6 7. Nd2 Nf6 8. Bd3 Bd7 9. h3 a6 10. N2f3 e5 11. Nb3 0-0 12. Qd2 Qc7 13. Bh6 b5 14. Bxg7 Kxg7 15. 0-0 Rad8 16. Qe2 h6 17. Qe3 Be6 18. Nbd2 Nh5 19. a4 b4 20. Bxa6 bxc3 21. bxc3 Ne7 22. Bb5 f5 23. exf5 Nxf5 24. Qe4 Nf6 25. Qd3 d5 26. Rfe1 e4 27. Nd4 Nxd4 28. Qxd4 Kh7 29. Qe3 Bf5 30. Nb3 Rf7 31. Rac1 g5 32. c4 Qf4 33. Qxf4 gxf4 34. cxd5 Rg7 35. Kh2 Rxd5 36. Rc5 h5 37. Rxd5 Nxd5 38. Nd4 Bg6 39. Bc6 Nc3 40. Ne6 Re7 41. Nxf4 Bf7 42. a5 Ra7 43. Re3 Nd1 44. Rxe4 Rxa5 45. Re7 Kg8 46. Re2 Rf5 47. g3 h4 48. Kg2 Nc3 49. Rc2 Rc5 50. Bf3 Na4 51. Rxc5 Nxc5 52. g4 Kg7 53. Bd5 Be8 54. Ne6+ Nxe6 55. Bxe6 Bc6+ 56. f3 Kf6 57. Bg8 Kg5 58. Kf2 Kf4 59. Bf7 Bxf3 60. g5 Kxg5 61. Kxf3 Kf6 62. Be8 Ke7 63. Bc6 Kf6 64. Kg4 Kg6 65. Kxh4 Kh6 66. Be4 Kg7 67. Kh5 Kg8 68. Kh6 Kh8 69. Bg6 Kg8 70. Bb1 1/2-1/2

[Event "Nyiregyhaza op"]
[Site "Nyiregyhaza"]
[Date "2005.07.11"]
[Round "3"]
[White "Baranyai, Antal"]
[Black "Razsits, Geza"]
[Result "0-1"]
[WhiteElo "1819"]
[BlackElo "2038"]
[PlyCount "113"]
[EventDate "2005.07.09"]
[EventType "swiss"]
[EventRounds "9"]
[EventCountry "HUN"]
[SourceTitle "EXT 2008"]
[Source "ChessBase"]
[SourceDate "2007.11.25"]
[SourceVersion "1"]
[SourceVersionDate "2007.11.25"]
[SourceQuality "1"]

1. e4 e5 2. Bc4 Nc6 3. Nf3 Bc5 4. Qe2 d6 5. d3 Bg4 6. c3 a6 7. Nbd2 Qf6 8. 0-0 Nce7 9. b4 Ba7 10. h3 Bh5 11. a4 Ng6 12. g3 Nh6 13. Kg2 c6 14. Nb3 Bxf3+ 15. Qxf3 Ng8 16. Be3 Qxf3+ 17. Kxf3 N8e7 18. Bxa7 Rxa7 19. Nd2 0-0 20. a5 Kh8 21. Kg2 f5 22. f3 f4 23. g4 Raa8 24. Rad1 Rac8 25. Be6 Rc7 26. c4 Rf6 27. Bf5 Nh4+ 28. Kf2 g6 29. g5 Nexf5 30. exf5 Rxf5 31. Ne4 d5 32. cxd5 cxd5 33. Nc5 Rxg5 34. Rg1 Rxg1 35. Rxg1 Nf5 36. Rg5 Re7 37. Rg1 Kg7 38. Rc1 Nd4 39. Rc3 g5 40. Rc1 Kg6 41. Na4 Nc6 42. Rb1 e4 43. fxe4 dxe4 44. dxe4 Rxe4 45. Nc5 Rxb4 46. Rxb4 Nxb4 47. Nxb7 Kh5 48. Nc5 Kh4 49. Kg2 h5 50. Ne6 Nd5 51. Kf3 g4+ 52. hxg4 hxg4+ 53. Ke4 f3 54. Nd4 f2 55. Nf5+ Kh3 56. Kxd5 f1Q 57. Nd4 0-1

[Event "Nyiregyhaza op"]
[Site "Nyiregyhaza"]
[Date "2004.07.12"]
[Round "3"]
[White "Razsits, Geza"]
[Black "Paszerbovics, Sandor"]
[Result "1-0"]
[WhiteElo "2061"]
[BlackElo "2029"]
[PlyCount "125"]
[EventDate "2004.07.10"]
[EventType "swiss"]
[EventRounds "9"]
[EventCountry "HUN"]
[SourceTitle "EXT 2008"]
[Source "ChessBase"]
[SourceDate "2007.11.25"]
[SourceVersion "1"]
[SourceVersionDate "2007.11.25"]
[SourceQuality "1"]

1. e4 e5 2. Nf3 Nf6 3. Nxe5 Qe7 4. d4 d6 5. Nf3 Nxe4 6. Be2 g6 7. d5 Bg7 8. 0-0 0-0 9. Re1 Nd7 10. Bd3 Ndc5 11. Ng5 f5 12. f3 Bd4+ 13. Kf1 Be5 14. f4 Bf6 15. Nxe4 fxe4 16. Kg1 Qg7 17. Bxe4 Nxe4 18. Rxe4 Bxb2 19. Bxb2 Qxb2 20. Nd2 Bf5 21. Rc4 Qb6+ 22. Kh1 Rf7 23. Nb3 Qe3 24. Qd2 Re8 25. h3 Qg3 26. Rc3 Qh4 27. Nd4 Be4 28. Ne6 c6 29. Ng5 Qxf4 30. Qxf4 Rxf4 31. Nxe4 Rexe4 32. dxc6 bxc6 33. Rxc6 d5 34. Rb1 Rf7 35. Rd1 Rd7 36. Rc5 d4 37. Rc4 Re2 38. Rcxd4 Rxd4 39. Rxd4 Rxc2 40. Rd8+ Kg7 41. Rd7+ Kh6 42. Rxa7 Kg5 43. a4 h5 44. a5 h4 45. a6 Rc1+ 46. Kh2 Ra1 47. Ra8 Kf6 48. a7 Kg7 49. g4 Ra2+ 50. Kg1 g5 51. Kf1 Ra3 52. Ke2 Kh7 53. Kd2 Kg7 54. Kc2 Kh7 55. Kb2 Ra5 56. Kb3 Kg7 57. Kb4 Ra2 58. Kb5 Ra3 59. Kb6 Ra2 60. Rc8 Rb2+ 61. Kc7 Rc2+ 62. Kd7 Rd2+ 63. Ke6 1-0